CLINICAL PROBLEM SOLVING IN ORTHODONTICS & PEDIATRIC DENTISTRY (Record no. 3707)

MARC details
000 -LEADER
fixed length control field 00378nam a2200145Ia 4500
008 - FIXED-LENGTH DATA ELEMENTS--GENERAL INFORMATION
fixed length control field 150201s2005 xx 000 0 und d
082 ## - DEWEY DECIMAL CLASSIFICATION NUMBER
Classification number 617.6342
Item number C2005M
100 ## - MAIN ENTRY--PERSONAL NAME
Personal name MILLETT
245 ## - TITLE STATEMENT
Title CLINICAL PROBLEM SOLVING IN ORTHODONTICS & PEDIATRIC DENTISTRY
250 ## - EDITION STATEMENT
Edition statement 1ST
260 ## - PUBLICATION, DISTRIBUTION, ETC. (IMPRINT)
Name of publisher, distributor, etc. ELSEVIER
Place of publication, distribution, etc. DELHI
Date of publication, distribution, etc. 2005
300 ## - PHYSICAL DESCRIPTION
Extent 1-194
650 ## - SUBJECT ADDED ENTRY--TOPICAL TERM
Topical term or geographic name as entry element ORTHODONTICS
942 ## - ADDED ENTRY ELEMENTS (KOHA)
Source of classification or shelving scheme Dewey Decimal Classification
Koha item type Books
Koha issues (borrowed), all copies 1
Holdings
Withdrawn status Lost status Source of classification or shelving scheme Damaged status Not for loan Home library Current library Date acquired Source of acquisition Cost, normal purchase price Serial Enumeration / chronology SGTU Bill Number Total Checkouts Full call number Barcode Date last seen Bill Date Koha item type Date last checked out
    Dewey Decimal Classification     SGT Dental Library SGT Dental Library 31/10/2007 U.B.S.DELHI 10.00 1 SGTU 709   617.6342 C2005M FD4516 09/02/2015 28/08/2012 Books  
    Dewey Decimal Classification     SGT Dental Library SGT Dental Library 31/10/2007 U.B.S.DELHI 10.00 1 SGTU 709   617.6342 C2005M FD4517 09/02/2015 28/08/2012 Books  
    Dewey Decimal Classification     SGT Dental Library SGT Dental Library 31/10/2007 U.B.S.DELHI 10.00 1 SGTU 709 1 617.6342 C2005M FD4518 09/07/2022 28/08/2012 Books 09/07/2022
    Dewey Decimal Classification     SGT Dental Library SGT Dental Library 31/10/2007 U.B.S.DELHI 10.00 1 SGTU 709   617.6342 C2005M FD4519 09/02/2015 28/08/2012 Books